| 000 | 00716 a2200205 4500 | ||
|---|---|---|---|
| 010 | _aENG-89257 | ||
| 020 |
_c500.00 _a9788189239428 |
||
| 035 | _aEN-72790 | ||
| 037 | _bDBAD / PUB | ||
| 082 | 1 | 4 | _a302.23 |
| 090 |
_c10653 _d10653 |
||
| 100 | 1 | _aAnand, Vijay Kumar | |
| 245 | 1 |
_aIntroduction of mass media / _cby Vijay Kumar Anand |
|
| 260 |
_aNew Delhi _bMurari Lal & Sons _c2007 |
||
| 270 |
_a4378/4B, Ansari Road, Darya Ganj, _bNew Delhi _c110 002 _k23261839, 23285119 |
||
| 300 |
_av, 248p. _c24cm (Hb) |
||
| 500 | _aIncludes bibliographical references and index | ||
| 942 |
_adpl _cEN _k302.23 / ANA |
||
| 999 |
_c10359 _d10359 |
||